[Event "RSSU-18 op"]
[Site "Moscow"]
[Date "2009.10.30"]
[Round "9"]
[White "Osadchy, Viktor S"]
[Black "Khroulkov, German"]
[Result "1-0"]
[WhiteElo "2142"]
[BlackElo "2212"]
[PlyCount "67"]
[EventDate "2009.10.17"]
[EventType "swiss"]
[EventRounds "9"]
[EventCountry "RUS"]
[SourceTitle "EXT 2022"]
[Source "ChessBase"]
[SourceDate "2021.10.06"]
[SourceVersion "1"]
[SourceVersionDate "2021.10.06"]
[SourceQuality "1"]

1. d4 d5 2. Nc3 Bf5 3. Bg5 h6 4. Bh4 g5 5. Bg3 h5 6. h4 g4 7. e3 e6 8. Bd3 Bxd3 9. Qxd3 c6 10. e4 Nf6 11. exd5 Nxd5 12. Ne4 Nb4 13. Qc3 Nd5 14. Qb3 Qb6 15. Ne2 Qxb3 16. axb3 Kd7 17. Bxb8 Rxb8 18. Rxa7 f5 19. Ng5 Nb4 20. Kd2 Bh6 21. Nf4 Na6 22. Ra1 Nc7 23. Ng6 Bxg5+ 24. hxg5 Rhg8 25. Ne5+ Kd6 26. c4 c5 27. Kd3 cxd4 28. Kxd4 Ke7 29. Nc6+ bxc6 30. Rxc7+ Kd6 31. Raa7 c5+ 32. Rxc5 Rxb3 33. Ra6+ Kd7 34. Ke5 1-0

[Event "RSSU-18 op"]
[Site "Moscow"]
[Date "2009.10.18"]
[Round "2"]
[White "Khroulkov, German"]
[Black "Shikin, Sergey"]
[Result "1-0"]
[WhiteElo "2212"]
[BlackElo "1797"]
[PlyCount "89"]
[EventDate "2009.10.17"]
[EventType "swiss"]
[EventRounds "9"]
[EventCountry "RUS"]
[SourceTitle "EXT 2022"]
[Source "ChessBase"]
[SourceDate "2021.10.06"]
[SourceVersion "1"]
[SourceVersionDate "2021.10.06"]
[SourceQuality "1"]

1. d4 Nf6 2. c4 c5 3. dxc5 Na6 4. Nc3 e6 5. g3 Bxc5 6. Bg2 0-0 7. Nf3 Nc7 8. 0-0 d5 9. Qb3 dxc4 10. Qxc4 Qe7 11. Bg5 b5 12. Nxb5 Nxb5 13. Qxb5 Bd7 14. Qd3 Rab8 15. Ne5 Bb5 16. Qf3 h6 17. Be3 Bd6 18. Bd4 Nd5 19. Rac1 Rfc8 20. Rfd1 Qf6 21. Qe4 Qg5 22. f4 Qe7 23. Qf3 Nb4 24. a3 Nc2 25. Bf2 Bxe5 26. fxe5 Bc6 27. e4 Ba4 28. b4 a5 29. Bc5 Qg5 30. h4 Qxe5 31. Bd6 Qb2 32. Bxb8 Rc3 33. Qf2 Qxa3 34. bxa5 Ne3 35. Rxc3 Qxc3 36. Re1 Ng4 37. Qe2 Qc5+ 38. Kh1 Qb4 39. Bc7 h5 40. Bb6 Bb5 41. Qd1 Qc3 42. Bf3 Ne5 43. Re3 Qb2 44. Rb3 Qf2 45. Bxf2 1-0

[Event "RSSU-18 op"]
[Site "Moscow"]
[Date "2009.10.17"]
[Round "1"]
[White "Geivondian, Arman"]
[Black "Khroulkov, German"]
[Result "0-1"]
[WhiteElo "1919"]
[BlackElo "2212"]
[PlyCount "70"]
[EventDate "2009.10.17"]
[EventType "swiss"]
[EventRounds "9"]
[EventCountry "RUS"]
[SourceTitle "EXT 2022"]
[Source "ChessBase"]
[SourceDate "2021.10.06"]
[SourceVersion "1"]
[SourceVersionDate "2021.10.06"]
[SourceQuality "1"]

1. d4 d5 2. c4 e6 3. Nc3 Nf6 4. cxd5 exd5 5. Bg5 Be7 6. e3 h6 7. Bf4 Bd6 8. Bg3 0-0 9. Bd3 Re8 10. Nge2 Nc6 11. a3 Ne7 12. Qc2 c6 13. Bxd6 Qxd6 14. 0-0-0 b5 15. Rdg1 a5 16. h3 b4 17. Nb1 Ne4 18. Nf4 Ba6 19. g4 g5 20. Bxa6 gxf4 21. Bd3 Ng6 22. g5 h5 23. Bxe4 Rxe4 24. Re1 Rae8 25. axb4 axb4 26. Nd2 R4e7 27. e4 b3 28. Qd3 c5 29. Qxb3 dxe4 30. d5 c4 31. Qb5 Ne5 32. Kb1 e3 33. fxe3 Nd3 34. Nxc4 Qg6 35. Re2 Nf2+ 0-1

[Event "EU-ch Seniors 07th"]
[Site "Hockenheim"]
[Date "2007.06.03"]
[Round "2"]
[White "Ortega Morales, Pedro"]
[Black "Khroulkov, German"]
[Result "0-1"]
[WhiteElo "1959"]
[BlackElo "2215"]
[PlyCount "46"]
[EventDate "2007.06.02"]
[EventType "swiss"]
[EventRounds "9"]
[EventCountry "GER"]
[SourceTitle "CBM 118 Extra"]
[Source "ChessBase"]
[SourceDate "2007.07.04"]
[SourceVersion "1"]
[SourceVersionDate "2007.07.04"]
[SourceQuality "1"]

1. d4 Nf6 2. Bf4 d5 3. e3 e6 4. Nf3 Bd6 5. Nbd2 Bxf4 6. exf4 c5 7. c3 cxd4 8. Nxd4 0-0 9. Bd3 Nbd7 10. N2f3 Nc5 11. Bc2 Qb6 12. Rb1 Qa6 13. a4 Bd7 14. Ra1 Rac8 15. Qe2 Qb6 16. 0-0 g6 17. Rfb1 Nce4 18. Ne5 Be8 19. f3 Nd6 20. Bd3 a6 21. Kh1 Kh8 22. g3 Nf5 23. Nxf5 gxf5 0-1